English Football Clubs by Postcode #1 - Statistics

General Stats
  • This quiz has been taken 799 times
  • The average score is 12 of 22
Answer Stats
Postcode Club % Correct
IP1 2DA Ipswich Town
88%
EX4 6PX Exeter City
84%
B9 4RL Birmingham City
82%
WV1 4QR Wolverhampton Wanderers
77%
HU3 6HU Hull City
75%
PR1 6RU Preston North End
70%
L4 0TH Liverpool
65%
DN4 5JW Doncaster Rovers
64%
N17 0BX Tottenham Hotspur
63%
E20 2ST West Ham United
61%
NG2 5FJ Nottingham Forest
59%
BB2 4JF Blackburn Rovers
52%
BD8 7DY Bradford City
52%
SN1 2ED Swindon Town
46%
CB5 8LN Cambridge United
44%
BL6 6JW Bolton Wanderers
42%
SW17 0NR Wimbledon
42%
WN5 0UZ Wigan Athletic
38%
SK3 9DD Stockport County
30%
WD18 0ER Watford
28%
SY2 6ST Shrewsbury Town
22%
RH11 9RX Crawley Town
16%
No matching quizzes found
Score Distribution
Percent of People with Each Score
Percentile by Number Answered
Your Score History
You have not taken this quiz